000 00499nam a22001697a 4500
005 20251108172356.0
008 250721s1986 xx 000 0 ara d
082 1 4 _a301.16/حسن
100 1 _aالحسن، حسن
245 1 0 _aالدولة الحديثة :
_bأعلام و إستعلام /
264 1 _aبيروت :
_bدار العلم للملايين،
_c1986.
300 _a350ص
650 1 7 _aوسائل الإتصال
650 1 7 _aالإعلام
942 _2ddc
_cBK
999 _c77649
_d77649